01709nam a22001937a 4500003000400000005001700004008004100021040002100062041000800083082002200091100002600113245008200139260007100221300005800292505104000350650002301390650007101413650003101484OSt20200909133239.0200909s1972 cl ac||gr|||| 00| 0 spa d aCO-JMCRcCO-JMCR0 aspa04a335 / bI271t2231 aIl Sung, Kim, eautor14aLas tareas de la literatura y el arte en nuestra revolución / cKim Il Sung aSantiago ; Chile : bInstituto Chileno Coreano de cultura, c1972. a166 páginas : bretrato a blanco y negro ; c18 cm.0 aLos trabajadores del sector cultural deben ser combatientes del frente de la cultura. -- Sobre algunas cuestiones de nuestra literatura y nuestro arte. -- Por un mayor nivel de desarrollo en nuestras artes. -- Sobre la eliminación del dogmatismo y del formalismo e el establecimiento del zuche en la labor de la ideología. -- Informe sobre las labores del comité central, presentado en el tercer congreso del trabajo de Corea. -- Sobre la educación. -- Creemos en la literatura y un arte que correspondan a la época de Chenlima. -- Informe sobre el balance de las labores del comité central, presentado ante el congreso del partido del trabajo del Corea. -- Nuestro ejercito popular es el ejercito de clase obrera y de la revolución. -- Sobre la creación de la literatura y el arte revolucionarios. -- Hagamos de nuestra pintura una pintura revolucionaria, con forma nacional y contenido socialista. -- Informa sobre las labores del comité central, presentado ante el quinto congreso del partido del trabajo de Corea 24aLiteratura coreana24aPolítica y literaturazCorea (República Popular Democrática)24aComunismozCorea del Norte